European countries with the most rainy days - Statistics

General Stats
  • This quiz has been taken 111 times
  • The average score is 14 of 16
Answer Stats
Number of days Country % Correct
52 Finland
97%
55 Ireland
96%
37 Norway
95%
39 Sweden
95%
56 Netherlands
94%
46 Russia
94%
55 Belgium
93%
42 Denmark
92%
46 Latvia
91%
44 Estonia
90%
37 Poland
89%
47 Luxembourg
85%
39 United Kingdom
81%
42 Austria
78%
44 Liechtenstein
70%
41 Portugal
65%
No matching quizzes found
Score Distribution
Percent of People with Each Score
Percentile by Number Answered
Your Score History
You have not taken this quiz